Niekoľko odporúčaní pre žiadateľov o nenávratné financovanie v oblasti odpadového hospodárstva

Bibliographic Details
Main Author: Lipovská, Ingrid (Author)
Format: Article
Language:Slovak
PhysicalDescription:Sch., tab.
ISSN:1335-7808
Subjects:

MARC

LEADER 00000nab a2200000 a 4500
001 vtls000787086
003 SK-MaSNL
005 20260304110156.0
008 250429c2001 xo 0 slo
015 |a SNBRB2002/03-08531 
035 |a CLN000138741 
035 |a urn:nbn:sk:snk-abniv 
035 |a (urnnbn)urn:nbn:sk:snk:ar-a03n3k 
035 |a (uuid)eb43fae4-8f45-4468-9987-24f1aa3c4844 
040 |a SNKBUCL  |b slo  |c SNKBUCL  |e AACR2 
041 0 |a slo 
044 |a xo  |c SK 
080 |a 504.03(437.6):336.57  |2 1997 
080 |a 336.57  |2 1997 
080 |a 628.4(437.6)  |2 1997 
080 |a 351.777.61(437.6)  |2 1997 
100 1 |a Lipovská, Ingrid  |4 aut  |9 965918 
245 1 0 |a Niekoľko odporúčaní pre žiadateľov o nenávratné financovanie v oblasti odpadového hospodárstva  |c Ingrid Lipovská 
300 |b Sch., tab. 
610 1 7 |a Slovensko.  |b Štátny fond životného prostredia  |2 SNKKA  |9 32902 
650 0 7 |a odpadové hospodárstvo  |2 SNKPH  |9 3603 
655 7 |a články z novín a časopisov  |2 SNK  |9 267496 
773 0 |t Odpady  |g Roč. 1, č. 10 (2001), s. 29-32  |x 1335-7808 
850 |a Slovenská národná knižnica 
852 |a Slovenská národná knižnica 
954 |a odborná, vedecká literatúra pôvodná (slovenská)  |2 lita 
958 |a article27 
958 |a SK 
958 |a OND 
958 |a EUIPO 
992 |a RBX 
999 |c 2858828  |d 2860758